000 01721nam a2200289 i 4500
001 189916
003 SpMaBN
005 20251009164639.0
008 191226s1984 sp b |||| | spa d
080 _a017.11(460.15)
080 _a016:091
100 1 _aGonzález Echegaray, Carlos,
_d1921-2013
_958608
245 1 0 _aCatálogo de los manuscritos reunidos por el príncipe Luis-Luciano Bonaparte que se hallan en el País Vasco, con un índice de nombres de personas, lugares, lenguas y dialectos, y un catálogo de publicaciones hechas por el mismo de algunos de los manuscritos, o referentes a ellos, que se hallan en las principales bibliotecas del País Vasco /
_cpor Carlos González Echegaray ; [prólogo por José Antonio Arana Martija].
246 3 4 _aCatálogo de los manuscritos de L.L. Bonaparte
260 _a[Bilbao :
_bReal Academia de la Lengua Vasca,
_c1984]
300 _aP. 25-184 p. ;
_c24 cm.
490 1 _aEuskera: Euskaltzaindiaren Ian eta agiriak = Trabajos y actas de la Real Academia de la Lengua Vasca = Travaux et actes de l'Academie de la Langue Basque
500 _aÍndices.
595 _aSeparata de la revista Euskera, n. 29 (1984,1)
600 1 7 _aBonaparte, Louis-Lucien,
_d1813-1891-
_xBiblioteca-
_vCatálogos
_2
_9169266
650 7 _aManuscritos-
_vCatálogos.
_9136460
700 1 _aArana Martija, José Antonio,
_d1931-2011
_9169267
710 2 _aReal Academia de la Lengua Vasca.
_96316
830 0 _aEuskera: Euskaltzaindiaren Ian eta agiriak = Trabajos y actas de la Real Academia de la Lengua Vasca = Travaux et actes de l'Academie de la Langue Basque
_9225868
852 _aES-MaACL
_jL-32499
_z. - Donat. Viuda Antonio Tovar
999 _c189916
_d189916